Využívanie vybraných marketingových nástrojov vo výrobných družstvách v SR

Webová stránka spoločnosti je určitý základ, ktorý by mal byť samozrejmosťou v každom podniku za účelom komunikácie a zviditeľnenia sa. Napriek uvedenému sú výrobné družstvá, ktorým chýba. Návrhy a možnosti riešenia daného stavu.

Enregistré dans:
Détails bibliographiques
Auteur principal: Bartoš, Adam
Format: Chapitre de livre
Langue:slovaque
Sujets:
Tags: Ajouter un tag
Pas de tags, Soyez le premier à ajouter un tag!

MARC

LEADER 00000nla a2200000 4500
001 0240075
005 20240524094146.3
041 0 |a slo 
044 |a SK 
245 1 0 |a Využívanie vybraných marketingových nástrojov vo výrobných družstvách v SR  |c Adam Bartoš 
520 |a Webová stránka spoločnosti je určitý základ, ktorý by mal byť samozrejmosťou v každom podniku za účelom komunikácie a zviditeľnenia sa. Napriek uvedenému sú výrobné družstvá, ktorým chýba. Návrhy a možnosti riešenia daného stavu. 
610 2 0 |a marketing 
610 2 0 |a marketing elektronický 
610 2 0 |a nástroje marketingové 
610 2 0 |a internet 
610 2 0 |a stránky webové 
610 2 0 |a reklama inštitucionálna 
610 2 0 |a podnik 
100 1 |a Bartoš, Adam